<?xml version="1.0" encoding="UTF-8"?>
<record
    xmlns:xsi="http://www.w3.org/2001/XMLSchema-instance"
    xsi:schemaLocation="http://www.loc.gov/MARC21/slim http://www.loc.gov/standards/marcxml/schema/MARC21slim.xsd"
    xmlns="http://www.loc.gov/MARC21/slim">

  <leader>00891cam a22002534a 4500</leader>
  <controlfield tag="001">3576675</controlfield>
  <controlfield tag="005">20250310133210.0</controlfield>
  <controlfield tag="008">990526s2000    maua     b    001 0 eng  </controlfield>
  <datafield tag="020" ind1=" " ind2=" ">
    <subfield code="a">0072294302 (pbk.)</subfield>
  </datafield>
  <datafield tag="020" ind1=" " ind2=" ">
    <subfield code="a">9780072294309</subfield>
  </datafield>
  <datafield tag="050" ind1="0" ind2="0">
    <subfield code="a">HM585</subfield>
    <subfield code="b">.S36 2000</subfield>
  </datafield>
  <datafield tag="082" ind1="0" ind2="0">
    <subfield code="a">301</subfield>
    <subfield code="2">21</subfield>
  </datafield>
  <datafield tag="100" ind1="1" ind2=" ">
    <subfield code="a">Schneider, Linda.</subfield>
  </datafield>
  <datafield tag="245" ind1="1" ind2="0">
    <subfield code="a">Global sociology :</subfield>
    <subfield code="b">introducing five contemporary societies /</subfield>
    <subfield code="c">Linda Schneider, Arnold Silverman.</subfield>
  </datafield>
  <datafield tag="250" ind1=" " ind2=" ">
    <subfield code="a">2nd ed.</subfield>
  </datafield>
  <datafield tag="260" ind1=" " ind2=" ">
    <subfield code="a">Boston, Mass. :</subfield>
    <subfield code="b">McGraw-Hill,</subfield>
    <subfield code="c">c2000.</subfield>
  </datafield>
  <datafield tag="300" ind1=" " ind2=" ">
    <subfield code="a">xxvii, 304 p. :</subfield>
    <subfield code="b">ill. ;</subfield>
    <subfield code="c">24 cm.</subfield>
  </datafield>
  <datafield tag="650" ind1=" " ind2="0">
    <subfield code="a">Sociology.</subfield>
  </datafield>
  <datafield tag="650" ind1=" " ind2="0">
    <subfield code="a">Sociology</subfield>
    <subfield code="x">Cross-cultural studies.</subfield>
  </datafield>
  <datafield tag="700" ind1="1" ind2=" ">
    <subfield code="a">Silverman, Arnold R.,</subfield>
    <subfield code="d">1940-</subfield>
  </datafield>
  <datafield tag="856" ind1="4" ind2="2">
    <subfield code="3">Publisher description</subfield>
    <subfield code="u">http://www.loc.gov/catdir/description/mh023/99034826.html</subfield>
  </datafield>
  <datafield tag="856" ind1="4" ind2="1">
    <subfield code="3">Table of contents</subfield>
    <subfield code="u">http://www.loc.gov/catdir/toc/mh023/99034826.html</subfield>
  </datafield>
  <datafield tag="942" ind1=" " ind2=" ">
    <subfield code="2">lcc</subfield>
    <subfield code="c">BK</subfield>
    <subfield code="e">2nd Ed.</subfield>
    <subfield code="n">0</subfield>
  </datafield>
  <datafield tag="999" ind1=" " ind2=" ">
    <subfield code="c">4657</subfield>
    <subfield code="d">4657</subfield>
  </datafield>
  <datafield tag="952" ind1=" " ind2=" ">
    <subfield code="0">0</subfield>
    <subfield code="1">0</subfield>
    <subfield code="2">lcc</subfield>
    <subfield code="4">0</subfield>
    <subfield code="7">0</subfield>
    <subfield code="8">NFIC</subfield>
    <subfield code="a">MBL</subfield>
    <subfield code="b">MBL</subfield>
    <subfield code="c">GEN</subfield>
    <subfield code="d">2025-03-10</subfield>
    <subfield code="l">0</subfield>
    <subfield code="o">HM585 .S36 2000</subfield>
    <subfield code="p">BSSM00001318</subfield>
    <subfield code="r">2025-03-10 13:32:44</subfield>
    <subfield code="t">1</subfield>
    <subfield code="w">2025-03-10</subfield>
    <subfield code="y">BK</subfield>
  </datafield>
  <datafield tag="952" ind1=" " ind2=" ">
    <subfield code="0">0</subfield>
    <subfield code="1">0</subfield>
    <subfield code="2">lcc</subfield>
    <subfield code="4">0</subfield>
    <subfield code="7">0</subfield>
    <subfield code="8">NFIC</subfield>
    <subfield code="a">MBL</subfield>
    <subfield code="b">MBL</subfield>
    <subfield code="c">GEN</subfield>
    <subfield code="d">2025-03-10</subfield>
    <subfield code="l">0</subfield>
    <subfield code="o">HM585 .S36 2000</subfield>
    <subfield code="p">BSSM00001319</subfield>
    <subfield code="r">2025-03-10 13:32:44</subfield>
    <subfield code="t">2</subfield>
    <subfield code="w">2025-03-10</subfield>
    <subfield code="y">BK</subfield>
  </datafield>
  <datafield tag="952" ind1=" " ind2=" ">
    <subfield code="0">0</subfield>
    <subfield code="1">0</subfield>
    <subfield code="2">lcc</subfield>
    <subfield code="4">0</subfield>
    <subfield code="7">0</subfield>
    <subfield code="8">NFIC</subfield>
    <subfield code="a">MBL</subfield>
    <subfield code="b">MBL</subfield>
    <subfield code="c">GEN</subfield>
    <subfield code="d">2025-03-10</subfield>
    <subfield code="l">0</subfield>
    <subfield code="o">HM585 .S36 2000</subfield>
    <subfield code="p">BSSM00001320</subfield>
    <subfield code="r">2025-03-10 13:32:44</subfield>
    <subfield code="t">3</subfield>
    <subfield code="w">2025-03-10</subfield>
    <subfield code="y">BK</subfield>
  </datafield>
  <datafield tag="952" ind1=" " ind2=" ">
    <subfield code="0">0</subfield>
    <subfield code="1">0</subfield>
    <subfield code="2">lcc</subfield>
    <subfield code="4">0</subfield>
    <subfield code="7">0</subfield>
    <subfield code="8">NFIC</subfield>
    <subfield code="a">MBL</subfield>
    <subfield code="b">MBL</subfield>
    <subfield code="c">GEN</subfield>
    <subfield code="d">2025-03-10</subfield>
    <subfield code="l">0</subfield>
    <subfield code="o">HM585 .S36 2000</subfield>
    <subfield code="p">BSSM00001321</subfield>
    <subfield code="r">2025-03-10 13:32:44</subfield>
    <subfield code="t">4</subfield>
    <subfield code="w">2025-03-10</subfield>
    <subfield code="y">BK</subfield>
  </datafield>
  <datafield tag="952" ind1=" " ind2=" ">
    <subfield code="0">0</subfield>
    <subfield code="1">0</subfield>
    <subfield code="2">lcc</subfield>
    <subfield code="4">0</subfield>
    <subfield code="7">0</subfield>
    <subfield code="8">NFIC</subfield>
    <subfield code="a">CTGL</subfield>
    <subfield code="b">CTGL</subfield>
    <subfield code="c">GEN</subfield>
    <subfield code="d">2026-05-08</subfield>
    <subfield code="l">0</subfield>
    <subfield code="o">HM 585 SCH</subfield>
    <subfield code="p">GSCT00003421</subfield>
    <subfield code="r">2026-05-08 12:54:11</subfield>
    <subfield code="t">1</subfield>
    <subfield code="w">2026-05-08</subfield>
    <subfield code="y">BK</subfield>
  </datafield>
  <datafield tag="952" ind1=" " ind2=" ">
    <subfield code="0">0</subfield>
    <subfield code="1">0</subfield>
    <subfield code="2">lcc</subfield>
    <subfield code="4">0</subfield>
    <subfield code="7">0</subfield>
    <subfield code="8">NFIC</subfield>
    <subfield code="a">CTGL</subfield>
    <subfield code="b">CTGL</subfield>
    <subfield code="c">GEN</subfield>
    <subfield code="d">2026-05-08</subfield>
    <subfield code="l">0</subfield>
    <subfield code="o">HM 585 SCH</subfield>
    <subfield code="p">GSCT00003422</subfield>
    <subfield code="r">2026-05-08 12:54:11</subfield>
    <subfield code="t">2</subfield>
    <subfield code="w">2026-05-08</subfield>
    <subfield code="y">BK</subfield>
  </datafield>
  <datafield tag="952" ind1=" " ind2=" ">
    <subfield code="0">0</subfield>
    <subfield code="1">0</subfield>
    <subfield code="2">lcc</subfield>
    <subfield code="4">0</subfield>
    <subfield code="7">0</subfield>
    <subfield code="8">NFIC</subfield>
    <subfield code="a">CTGL</subfield>
    <subfield code="b">CTGL</subfield>
    <subfield code="c">GEN</subfield>
    <subfield code="d">2026-05-08</subfield>
    <subfield code="l">0</subfield>
    <subfield code="o">HM 585 SCH</subfield>
    <subfield code="p">GSCT00003423</subfield>
    <subfield code="r">2026-05-08 12:54:11</subfield>
    <subfield code="t">3</subfield>
    <subfield code="w">2026-05-08</subfield>
    <subfield code="y">BK</subfield>
  </datafield>
</record>
